000 00774nam a2200265Ia 4500
003 OSt
005 20220926005427.0
006 a|||||r|||| 00| 0
007 ta
008 220923b |||||||| |||| 00| 0 eng d
020 _a8170030951
037 _cGeneral Book
040 _aRTL
_cRTL
_beng
041 _2eng
_aeng
082 _aX:533.49G.hN83, M8
100 _aSen gupta Bhabani
_9257484
245 0 _aSAARC - Asean
_bProspects and problems of inter-relations
260 _a New Delhi
_bSouth Asian Publishiers
_c1988
300 _axv,278p
_ccm.
490 _aCentre for Policy Research
650 _a Free Trade
650 _aEconomics
942 _hX:533.49G.hN83, M8
_cGB
_2CC
999 _c613813
_d613813